00379nam a22001457a 4500003000400000020001800004082002000022100002100042245005300063260003000116300001400146546001200160650003600172650002500208OSt a9780415855501 a338.927bTIN/EN aTinsley, Stephen aEnvironmental management in a low carbon economy aNew YorkbRoutledgec2014 axiv,223p. aEnglish aEnvironmental management system aEMS model typologies